000 01517nam0a2200349 4500
001 RU\NLR\bibl\1819849
005 20250616160447.0
010 _a5-98690-058-8
_93000
021 _aRU
_b2011-71602
_95080
035 _a(nilc)RSL-KNO-005025665
035 _a(NLR Aleph) 001810416
090 _a1863633
_c1863633
100 _a20110912d2011 |||y0rusy50 ca
101 0 _arus
102 _aRU
105 _ay |||||||||
200 1 _aОбучение и инструктирование работников организаций по охране труда
_eучебно-практическое пособие
_fЮ. А. Беляров, В. Н. Широков
_gМежрегиональная общественная орг. специалистов по охране труда (АСОТ), АНО "УМЦ "СВОТ""
210 _aМосква
_cБезопасность труда и жизни
_d2011
215 _a71 с.
_cтабл.
_d21
606 1 _aОхрана труда
_jПрактические пособия
_xИнструктаж
_yРоссийская Федерация
_92416238
_3RU\NLR\auth\661439260
686 _aУ9(2)248я8
_2rubbk
686 _aУ24(2)7я7
686 _aХ627.4я7
700 1 _aБеляров
_bЮ. А.
_gЮрий Алексеевич
_4070
701 1 _aШироков
_bВ. Н.
_4070
801 0 _aRU
_bRuMoRKP
_c20110912
_grcr
801 1 _aRU
_bРГБ
_c20110912
801 2 _aRU
_bNLR
_c20111013
_grcr
942 _cBOOK
980 _aNB
980 _aNBR